[Event "CAN-op"]
[Site "Quebec CAN"]
[Date "2018.07.12"]
[Round "7.6"]
[White "Zhao, Jim"]
[Black "Doknjas, Joshua"]
[Result "1/2-1/2"]
[WhiteElo "2169"]
[BlackElo "2216"]
[PlyCount "98"]
[EventDate "2018.07.07"]
[EventType "swiss"]
[EventRounds "9"]
[EventCountry "CAN"]

1. d4 Nf6 2. c4 e6 3. g3 Bb4+ 4. Bd2 Be7 5. Bg2 d5 6. Nf3 O-O 7. O-O Nbd7 8.
Qc2 c6 9. Bf4 Ne4 10. Ne5 f5 11. Nd2 g5 12. Nxd7 Bxd7 13. Be5 Nd6 14. f4 Nf7
15. Nf3 g4 16. Ne1 Nxe5 17. fxe5 Bg5 18. Kh1 h5 19. Nd3 Kg7 20. Nf4 h4 21. Rf2
Rh8 22. Kg1 Rc8 23. c5 Qg8 24. Qb3 Rb8 25. Rc1 Rh6 26. Qa3 a6 27. Qa5 Bd8 28.
Qb4 Qh7 29. e3 Be7 30. Qb6 Bd8 31. Qb3 Bc7 32. Rfc2 Qg8 33. Kf2 Qd8 34. Qa3 Qc8
35. Bf1 Bd8 36. Ke1 Qc7 37. Qb3 Bg5 38. a3 Rbh8 39. Bg2 hxg3 40. hxg3 Rh2 41.
Rf2 Rb8 42. Rcc2 b6 43. cxb6 Rxb6 44. Qc3 Qb8 45. Bf1 Rxf2 46. Kxf2 Rb3 47. Qd2
Bxf4 48. gxf4 Qh8 49. Kg1 Kg6 1/2-1/2

[Event "CAN-op"]
[Site "Quebec CAN"]
[Date "2018.07.12"]
[Round "7.7"]
[White "Tomb, Maroun"]
[Black "Doknjas, John"]
[Result "1/2-1/2"]
[WhiteElo "2152"]
[BlackElo "2206"]
[PlyCount "109"]
[EventDate "2018.07.07"]
[EventType "swiss"]
[EventRounds "9"]
[EventCountry "CAN"]

1. e4 c5 2. Ne2 Nf6 3. Nbc3 d5 4. exd5 Nxd5 5. g3 Nxc3 6. Nxc3 Nc6 7. Bg2 h5 8.
h3 e5 9. d3 Be6 10. Bxc6+ bxc6 11. Qe2 f6 12. f4 Qd7 13. fxe5 O-O-O 14. exf6
Bxh3 15. f7 Bd6 16. Bf4 Bxf4 17. gxf4 Bg4 18. Qe4 Rh6 19. Kd2 Qxf7 20. Rae1 Re6
21. Qa4 Rd4 22. Qa6+ Kb8 23. Rxe6 Bxe6 24. Ne2 Rxf4 25. Qxc6 Rf5 26. Qd6+ Kb7
27. Rh4 Rd5 28. Qg3 g5 29. Re4 Bf5 30. Re3 Bg4 31. Nc3 Rd8 32. Qe5 Qf5 33. Na4
Qxe5 34. Rxe5 c4 35. Rxg5 cxd3 36. Nc5+ Kb8 37. Nxd3 Rh8 38. Nf4 Bf3 39. Rg3
Be4 40. Rh3 h4 41. c4 Bf5 42. Rh2 h3 43. Ke3 Kb7 44. Kd4 Re8 45. Nxh3 Rh8 46.
Kc3 Bxh3 47. b4 Kc6 48. Kb3 Rh5 49. a3 a6 50. Kc3 Kd6 51. Kd4 Ke6 52. a4 Kd6
53. Kc3 Kc6 54. Rh1 Bg4 55. Rxh5 1/2-1/2

[Event "CAN-op"]
[Site "Quebec CAN"]
[Date "2018.07.12"]
[Round "7.9"]
[White "Itkin, David"]
[Black "Callier, Christophe"]
[Result "1-0"]
[WhiteElo "2239"]
[BlackElo "1970"]
[PlyCount "69"]
[EventDate "2018.07.07"]
[EventType "swiss"]
[EventRounds "9"]
[EventCountry "CAN"]

1. e4 e6 2. d4 d5 3. Nc3 Bb4 4. exd5 exd5 5. Bd3 Ne7 6. a3 Bxc3+ 7. bxc3 Bf5 8.
Bxf5 Nxf5 9. Qg4 Qd7 10. Rb1 c5 11. Ne2 O-O 12. dxc5 Nc6 13. O-O Rad8 14. Ng3
Nxg3 15. Qxg3 Rfe8 16. Bg5 Rc8 17. Bf6 g6 18. Rfe1 Qf5 19. Qd6 Na5 20. Re5 Rxe5
21. Qxe5 Qxe5 22. Bxe5 Rxc5 23. Bd4 Rc8 24. Rb5 Nc4 25. a4 Na3 26. Rxd5 Nxc2
27. Bf6 a6 28. c4 Nb4 29. Rd1 h6 30. h4 Nc6 31. Rd5 Kf8 32. h5 Ke8 33. g4 Nb8
34. g5 hxg5 35. h6 1-0

[Event "CAN-op"]
[Site "Quebec CAN"]
[Date "2018.07.12"]
[Round "7.10"]
[White "Acosta, Mariano"]
[Black "Dukic, Zachary"]
[Result "0-1"]
[WhiteElo "1802"]
[BlackElo "2118"]
[PlyCount "64"]
[EventDate "2018.07.07"]
[EventType "swiss"]
[EventRounds "9"]
[EventCountry "CAN"]

1. Nf3 Nf6 2. c4 g6 3. b3 Bg7 4. Bb2 O-O 5. g3 d6 6. d4 Nc6 7. Bg2 a6 8. O-O
Rb8 9. Nbd2 b5 10. d5 Na5 11. cxb5 axb5 12. e4 c5 13. dxc6 Nxc6 14. Re1 Qb6 15.
Qe2 Re8 16. h3 e5 17. Rac1 Bd7 18. a3 Rbd8 19. Rc2 d5 20. exd5 Nxd5 21. Ne4 Nd4
22. Bxd4 exd4 23. Qd2 Bf5 24. Nh4 Ne3 25. Nxf5 Nxc2 26. Nxg7 Kxg7 27. Rc1 d3
28. Qc3+ Qd4 29. Rxc2 dxc2 30. Qxc2 Rc8 31. Qb1 f5 32. Ng5 Re2 0-1

[Event "CAN-op"]
[Site "Quebec CAN"]
[Date "2018.07.12"]
[Round "7.11"]
[White "Zhao, Ian"]
[Black "Tanaka, Tyler"]
[Result "1-0"]
[WhiteElo "1951"]
[BlackElo "2054"]
[PlyCount "125"]
[EventDate "2018.07.07"]
[EventType "swiss"]
[EventRounds "9"]
[EventCountry "CAN"]

1. e4 c5 2. c3 Nf6 3. e5 Nd5 4. d4 cxd4 5. Nf3 Nc6 6. Bc4 Nb6 7. Bb3 d6 8. exd6
e6 9. Nxd4 Nxd4 10. Qxd4 Qxd6 11. Be3 Bd7 12. Nd2 Bc6 13. O-O O-O-O 14. Nc4
Qxd4 15. Bxd4 Nxc4 16. Bxc4 Kb8 17. Rfd1 Ka8 18. a4 Bd6 19. a5 Bc7 20. b4 a6
21. Rdb1 Bd5 22. Be2 e5 23. Be3 Be4 24. Rb2 Bd3 25. Kf1 Rd6 26. c4 Rhd8 27. b5
Bxe2+ 28. Kxe2 Rg6 29. bxa6 Rxa6 30. Rb5 f6 31. Rab1 Rb8 32. Rd1 Rd6 33. Rxd6
Bxd6 34. Bb6 Rc8 35. Rd5 Bc7 36. Rd7 Kb8 37. Rxg7 Bxb6 38. axb6 Rxc4 39. Rxh7
Kc8 40. Rh8+ Kd7 41. Rb8 Re4+ 42. Kd3 Rd4+ 43. Ke3 Kc6 44. Rf8 Rd6 45. h4 Kxb6
46. h5 Rd1 47. Rxf6+ Kc5 48. Re6 Re1+ 49. Kd2 Re4 50. f3 Rd4+ 51. Ke3 Kd5 52.
Rb6 Rh4 53. g4 e4 54. Rxb7 exf3 55. Kxf3 Ke6 56. Kf4 Kf6 57. Rb6+ Kg7 58. Kg5
Rh1 59. h6+ Kf8 60. Kg6 Re1 61. Rb8+ Ke7 62. h7 Re6+ 63. Kg7 1-0

[Event "CAN-op"]
[Site "Quebec CAN"]
[Date "2018.07.12"]
[Round "7.13"]
[White "Ouellet, Maili-Jade"]
[Black "Boshoff, Thomas"]
[Result "1-0"]
[WhiteElo "2197"]
[BlackElo "1939"]
[PlyCount "95"]
[EventDate "2018.07.07"]
[EventType "swiss"]
[EventRounds "9"]
[EventCountry "CAN"]

1. d4 Nf6 2. c4 e5 3. dxe5 Ng4 4. Bf4 Nc6 5. Nf3 Bb4+ 6. Nbd2 Qe7 7. e3 Ngxe5
8. Be2 d6 9. O-O O-O 10. Rc1 Bf5 11. Nb3 Rad8 12. a3 Bc5 13. Qd2 Rfe8 14. Qc3
Bb6 15. Rfd1 Ng6 16. Bg3 Nce5 17. Nxe5 Nxe5 18. c5 dxc5 19. Rxd8 Qxd8 20. Bxe5
Qg5 21. Bf4 Qg6 22. Nxc5 h5 23. Bf3 h4 24. Nxb7 h3 25. a4 Be4 26. Bxe4 Qxe4 27.
Qc6 a5 28. Qxe4 Rxe4 29. gxh3 Rxa4 30. Bxc7 Rb4 31. Bxb6 Rxb6 32. Nxa5 Rxb2 33.
Rc8+ Kh7 34. Rc7 f5 35. Kg2 Kh6 36. Kf3 Rb4 37. Nc4 g5 38. Ne5 Rh4 39. Kg3 f4+
40. Kg2 fxe3 41. fxe3 Re4 42. Re7 Ra4 43. e4 Ra3 44. Rf7 Rb3 45. Rf6+ Kh5 46.
Ng4 Rg3+ 47. Kh1 Rg1+ 48. Kxg1 1-0

[Event "CAN-op"]
[Site "Quebec CAN"]
[Date "2018.07.12"]
[Round "7.14"]
[White "Saine, Zachary"]
[Black "Manley, Jason"]
[Result "1-0"]
[WhiteElo "1899"]
[BlackElo "2051"]
[PlyCount "103"]
[EventDate "2018.07.07"]
[EventType "swiss"]
[EventRounds "9"]
[EventCountry "CAN"]

1. e4 e5 2. Nf3 Nc6 3. Bc4 Nf6 4. Ng5 d5 5. exd5 Na5 6. Bb5+ c6 7. dxc6 bxc6 8.
Be2 h6 9. Nh3 Bc5 10. d3 Nd5 11. Bf3 Bxh3 12. gxh3 Qh4 13. O-O O-O 14. Bxd5
cxd5 15. Qg4 Qf6 16. b4 e4 17. Bd2 h5 18. Qg2 g6 19. bxc5 Qxa1 20. Bxa5 Qd4 21.
a3 Rfe8 22. dxe4 dxe4 23. Qg5 Re6 24. Bc3 Qd7 25. Qh6 f6 26. Qxg6+ Qg7 27.
Qxg7+ Kxg7 28. Bd4 Kg6 29. Nc3 Kf5 30. Ne2 h4 31. Rb1 Ra6 32. Rb3 Rg8+ 33. Kf1
Ra4 34. f3 Rc4 35. fxe4+ Kxe4 36. Re3+ Kd5 37. c3 Ra4 38. Nf4+ Kc4 39. Re7 Rxa3
40. Rb7 a5 41. c6 Ra1+ 42. Ke2 Re8+ 43. Kf2 Ra2+ 44. Kf3 Ra1 45. c7 Rf1+ 46.
Kg4 f5+ 47. Kg5 Rg8+ 48. Kf6 Re1 49. Ne6 Kd5 50. Nd8 Ree8 51. c8=Q Ref8+ 52.
Rf7 1-0

[Event "CAN-op"]
[Site "Quebec CAN"]
[Date "2018.07.12"]
[Round "7.15"]
[White "Doknjas, Neil"]
[Black "Zhang, Henry"]
[Result "1-0"]
[WhiteElo "1883"]
[BlackElo "1979"]
[PlyCount "59"]
[EventDate "2018.07.07"]
[EventType "swiss"]
[EventRounds "9"]
[EventCountry "CAN"]

1. e4 c5 2. Nf3 e6 3. Nc3 Nc6 4. d4 cxd4 5. Nxd4 Qc7 6. Be3 a6 7. Qd2 Nf6 8. f4
Bb4 9. Bd3 d5 10. e5 Nd7 11. a3 Be7 12. O-O b5 13. b4 Nb6 14. Qf2 Nc4 15. Nxc6
Qxc6 16. Ne2 Nxe3 17. Qxe3 Bd7 18. Nd4 Qb6 19. c3 g6 20. Kh1 h5 21. Qg3 Rh6 22.
Qe3 Rh8 23. Qg3 Rh6 24. Qh3 a5 25. Qe3 a4 26. f5 Rh8 27. fxg6 fxg6 28. Bxg6+
Kd8 29. Rf7 Be8 30. Rxe7 1-0

[Event "CAN-op"]
[Site "Quebec CAN"]
[Date "2018.07.12"]
[Round "7.16"]
[White "Richardson, Kai"]
[Black "James, Rowan"]
[Result "0-1"]
[WhiteElo "1973"]
[BlackElo "1823"]
[PlyCount "36"]
[EventDate "2018.07.07"]
[EventType "swiss"]
[EventRounds "9"]
[EventCountry "CAN"]

1. d4 d5 2. c4 e6 3. Nc3 Nf6 4. g3 Be7 5. Nf3 O-O 6. b3 dxc4 7. bxc4 c5 8. d5
exd5 9. cxd5 b5 10. a3 b4 11. axb4 cxb4 12. Nb5 Ba6 13. e4 Nxe4 14. Qc2 Bf6 15.
Ra4 Bxb5 16. Bxb5 Nc3 17. Qd3 a6 18. Rxb4 Qe7+ 0-1

[Event "CAN-op"]
[Site "Quebec CAN"]
[Date "2018.07.12"]
[Round "7.17"]
[White "Saha, Ananda"]
[Black "Chang, Alexander RZ"]
[Result "1-0"]
[WhiteElo "1950"]
[BlackElo "1597"]
[PlyCount "87"]
[EventDate "2018.07.07"]
[EventType "swiss"]
[EventRounds "9"]
[EventCountry "CAN"]

1. Nf3 Nf6 2. g3 e6 3. Bg2 d5 4. c4 Bd6 5. O-O O-O 6. b3 c6 7. Bb2 Nbd7 8. d3
b5 9. cxd5 cxd5 10. Nbd2 Bb7 11. e4 dxe4 12. dxe4 e5 13. Qe2 Qb6 14. Kh1 Rfe8
15. Rae1 Rac8 16. Qd1 Nc5 17. Qb1 Rcd8 18. b4 Ne6 19. a3 a5 20. Bc3 axb4 21.
axb4 Nf8 22. Nh4 Ng6 23. Nf5 Ne7 24. Nxe7+ Rxe7 25. Qb2 Qc7 26. f3 Rc8 27. Rc1
Qb8 28. Nb3 Nd7 29. Rfd1 Nb6 30. Bf1 Nc4 31. Bxc4 Rxc4 32. Qd2 Rc6 33. Na5 Rb6
34. Nxb7 Qxb7 35. Qb2 h6 36. Rd5 Qb8 37. Rcd1 Re6 38. Qd2 f6 39. Qa2 Kf7 40. f4
exf4 41. gxf4 Ke7 42. f5 Rxe4 43. Qg2 Rc4 44. Qxg7+ 1-0

[Event "CAN-op"]
[Site "Quebec CAN"]
[Date "2018.07.12"]
[Round "7.18"]
[White "Drkulec, Vladimir"]
[Black "Li, Eric M"]
[Result "0-1"]
[WhiteElo "1794"]
[BlackElo "1880"]
[PlyCount "96"]
[EventDate "2018.07.07"]
[EventType "swiss"]
[EventRounds "9"]
[EventCountry "CAN"]

1. d4 Nf6 2. c4 g6 3. g3 Bg7 4. Bg2 d5 5. cxd5 Nxd5 6. Nf3 O-O 7. O-O c5 8. Nc3
Nc6 9. Nxd5 Qxd5 10. dxc5 Qxc5 11. Nd2 Rd8 12. Nb3 Qh5 13. Qc2 Bf5 14. Qc4 Be6
15. Qc5 Qxe2 16. Bg5 Qxb2 17. Bxe7 Nxe7 18. Qxe7 Rd7 19. Qh4 Rc8 20. Rad1 Rxd1
21. Rxd1 Bf6 22. Qa4 Rc2 23. Qxa7 Qxa2 24. Qb8+ Kg7 25. Nc1 Qa1 26. Qf4 Bb2 27.
Bxb7 Rxc1 28. Rxc1 Bxc1 29. Qf3 Bh3 30. Qd1 Bb2 31. Bf3 Qxd1+ 32. Bxd1 Bd4 33.
Bf3 f5 34. Bd5 Kf6 35. Bg8 h6 36. Kh1 Bxf2 37. Bd5 Ke5 38. Bf3 g5 39. Ba8 Bc5
40. Bb7 Kd4 41. Bc6 Ke3 42. Kg1 Ke2+ 43. Kh1 Kf2 44. Bd5 Bg4 45. Bg2 Bf3 46. h3
Bxg2+ 47. Kh2 Bd6 48. h4 Bxg3# 0-1

[Event "CAN-op"]
[Site "Quebec CAN"]
[Date "2018.07.12"]
[Round "7.20"]
[White "Pare, Marc"]
[Black "Bernatchez, Dan"]
[Result "0-1"]
[WhiteElo "1984"]
[BlackElo "1793"]
[PlyCount "98"]
[EventDate "2018.07.07"]
[EventType "swiss"]
[EventRounds "9"]
[EventCountry "CAN"]

1. e4 c5 2. Nf3 Nc6 3. c3 d5 4. exd5 Qxd5 5. d4 e6 6. Be2 Nf6 7. O-O Be7 8. Na3
O-O 9. Nc2 cxd4 10. Nfxd4 e5 11. Ne3 Qc5 12. Nb3 Qb6 13. Nc4 Qc7 14. f4 e4 15.
f5 b5 16. Bf4 Qd8 17. Ne3 Qb6 18. Kh1 Rd8 19. Qc2 a5 20. Rad1 Bb7 21. Nd2 Rac8
22. Qb1 Nb8 23. Ng4 Nbd7 24. Nb3 Nxg4 25. Bxg4 Bf6 26. Be2 b4 27. c4 a4 28. Nd2
Qd4 29. b3 e3 30. bxa4 exd2 31. Rxd2 Qe4 32. Bd3 Qc6 33. Rfd1 Nc5 34. Bf1 Rxd2
35. Bxd2 Ne4 36. Be1 Bc3 37. Qc2 Qf6 38. Bd3 Qxf5 39. Bxc3 Nf2+ 40. Kg1 Nxd3
41. Qxd3 Qxd3 42. Rxd3 bxc3 43. Rxc3 Rc5 44. Kf2 Ba6 45. Ke3 Rxc4 46. Rxc4 Bxc4
47. a3 f5 48. g3 Kf7 49. a5 Kf6 0-1

[Event "CAN-op"]
[Site "Quebec CAN"]
[Date "2018.07.12"]
[Round "7.21"]
[White "Hay, Jonathan"]
[Black "Zhu, Brandon"]
[Result "0-1"]
[WhiteElo "1772"]
[BlackElo "1959"]
[PlyCount "152"]
[EventDate "2018.07.07"]
[EventType "swiss"]
[EventRounds "9"]
[EventCountry "CAN"]

1. d4 d5 2. Bf4 Nf6 3. e3 c5 4. c3 Qb6 5. Qb3 c4 6. Qc2 Nc6 7. Nd2 Nh5 8. Bg5
e5 9. Be2 Nf6 10. dxe5 Nxe5 11. Ngf3 Nxf3+ 12. Bxf3 Be6 13. Bxf6 gxf6 14. O-O
f5 15. g3 Bg7 16. Bg2 O-O 17. Nf3 Bf6 18. Bh3 f4 19. Bxe6 Qxe6 20. exf4 b5 21.
Rfe1 Qb6 22. Qf5 Rfd8 23. Ng5 Bxg5 24. Qxg5+ Qg6 25. Rad1 f6 26. Qxg6+ hxg6 27.
Kg2 Kf7 28. Kf3 a5 29. Ke3 Ke6 30. Kd4+ Kd6 31. Re2 Re8 32. Rde1 Rxe2 33. Rxe2
b4 34. f3 bxc3 35. Kxc3 Kc5 36. Re6 a4 37. a3 Rb8 38. Rxf6 d4+ 39. Kc2 d3+ 40.
Kc1 Re8 41. f5 Re1+ 42. Kd2 Re2+ 43. Kc1 Rc2+ 44. Kb1 Rxh2 45. Kc1 Rc2+ 46. Kb1
Rf2 47. Kc1 Rxf3 48. Rxg6 Rxf5 49. Rg4 Rf2 50. Rg8 Kd4 51. Rd8+ Ke3 52. Re8+
Kf3 53. Rc8 Rc2+ 54. Kd1 Kxg3 55. Rg8+ Kh2 56. Rh8+ Kg1 57. Rg8+ Rg2 58. Rc8
Rg4 59. Kd2 Rg2+ 60. Kd1 Rg4 61. Kd2 Kf2 62. Rf8+ Kg3 63. Ra8 Kf4 64. Rf8+ Ke5
65. Re8+ Kd6 66. Rd8+ Kc7 67. Ra8 Rg2+ 68. Kc1 Rg1+ 69. Kd2 Rb1 70. Rxa4 Rxb2+
71. Kd1 Rc2 72. Ra5 Kb6 73. Rd5 Ra2 74. Rd6+ Kc5 75. Rd8 Rxa3 76. Rc8+ Kd4 0-1

[Event "CAN-op"]
[Site "Quebec CAN"]
[Date "2018.07.12"]
[Round "7.22"]
[White "Forget, Luc"]
[Black "Mercure, Gilbert"]
[Result "1-0"]
[WhiteElo "1889"]
[BlackElo "1760"]
[PlyCount "117"]
[EventDate "2018.07.07"]
[EventType "swiss"]
[EventRounds "9"]
[EventCountry "CAN"]

1. d4 d5 2. Nf3 Nc6 3. c4 Bg4 4. cxd5 Bxf3 5. gxf3 Qxd5 6. e3 e5 7. Nc3 Bb4 8.
Bd2 Bxc3 9. bxc3 Qd6 10. Rb1 exd4 11. cxd4 O-O-O 12. Bh3+ Kb8 13. O-O Nh6 14.
Qc2 Qg6+ 15. Qxg6 hxg6 16. f4 f5 17. Bg2 Rd6 18. Bc3 Nd8 19. d5 Ng4 20. Bxg7
Rxh2 21. Be5 Rd7 22. Rfc1 Rhh7 23. a4 Rhe7 24. Bd4 Rh7 25. a5 Nf7 26. Rc6 Nd6
27. Rc2 Rhf7 28. Rcb2 Nf6 29. Be5 Nfe4 30. Bxe4 fxe4 31. f3 exf3 32. Bxd6 cxd6
33. Kf2 Rf5 34. Rd2 g5 35. Kxf3 gxf4 36. exf4 Rdf7 37. Rb4 Rh7 38. a6 b6 39.
Re4 Rc7 40. Re8+ Rc8 41. Rxc8+ Kxc8 42. Kg4 Rf8 43. f5 Kd7 44. Rh2 Ke7 45. Rc2
Rg8+ 46. Kf4 Kd7 47. f6 Rg1 48. Kf5 Rf1+ 49. Kg6 Rg1+ 50. Kf7 Rd1 51. Re2 Rxd5
52. Re7+ Kc6 53. Rxa7 Rd1 54. Re7 b5 55. a7 Ra1 56. Ke8 b4 57. f7 b3 58. f8=Q
b2 59. Qf3+ 1-0

[Event "CAN-op"]
[Site "Quebec CAN"]
[Date "2018.07.12"]
[Round "7.23"]
[White "Lehingrat, Callum"]
[Black "Chevalier, Francois"]
[Result "1-0"]
[WhiteElo "1853"]
[BlackElo "1720"]
[PlyCount "79"]
[EventDate "2018.07.07"]
[EventType "swiss"]
[EventRounds "9"]
[EventCountry "CAN"]

1. d4 Nf6 2. c4 e6 3. g3 d5 4. Nf3 Be7 5. Bg2 O-O 6. O-O dxc4 7. Qc2 a6 8. Qxc4
b5 9. Qc2 Bb7 10. Bd2 Be4 11. Qc1 c6 12. Rd1 Nbd7 13. Nc3 Rc8 14. Nxe4 Nxe4 15.
b4 Nxd2 16. Qxd2 Qb6 17. Rac1 Rfd8 18. Qe1 Bf6 19. Rc2 g6 20. e3 Bg7 21. Qc3
Qb8 22. Qa3 Qb6 23. Qc1 Bf8 24. Qb1 Bg7 25. Rdc1 Qb7 26. Ne1 Nb8 27. Nd3 h5 28.
Nc5 Qb6 29. f4 Bf8 30. a3 Bxc5 31. Rxc5 Rd6 32. Qc2 Kg7 33. Qc3 Kh7 34. Be4 f5
35. Bf3 Qc7 36. Kg2 Qd7 37. h3 Kh6 38. g4 Rc7 39. d5 exd5 40. Qh8+ 1-0

[Event "CAN-op"]
[Site "Quebec CAN"]
[Date "2018.07.12"]
[Round "7.24"]
[White "Drolet, Stephane"]
[Black "Tinica, Gabriel"]
[Result "1-0"]
[WhiteElo "2052"]
[BlackElo "1658"]
[PlyCount "61"]
[EventDate "2018.07.07"]
[EventType "swiss"]
[EventRounds "9"]
[EventCountry "CAN"]

1. d4 Nf6 2. Bg5 g6 3. Bxf6 exf6 4. e3 Bg7 5. g3 f5 6. Bg2 d5 7. c3 c6 8. Nd2
Nd7 9. Qc2 b5 10. a4 Nb6 11. axb5 cxb5 12. Ne2 O-O 13. h4 h5 14. Nf4 Bb7 15.
Nb3 Qc7 16. Nc5 a6 17. O-O Rfd8 18. Ra2 a5 19. b3 Bc6 20. Nfd3 a4 21. bxa4 bxa4
22. Rfa1 Ra7 23. Nb2 Rda8 24. Nbd3 Nd7 25. Nxa4 Bxa4 26. Rxa4 Rxa4 27. Rxa4 Rc8
28. Bxd5 Nb6 29. Ra5 Nxd5 30. Rxd5 Qxc3 31. Rd8+ 1-0

[Event "CAN-op"]
[Site "Quebec CAN"]
[Date "2018.07.13"]
[Round "8.1"]
[White "Fedorowicz, John"]
[Black "Bitan, Banerjee"]
[Result "1/2-1/2"]
[WhiteElo "2425"]
[BlackElo "2398"]
[PlyCount "54"]
[EventDate "2018.07.07"]
[EventType "swiss"]
[EventRounds "9"]
[EventCountry "CAN"]

1. d4 Nf6 2. c4 g6 3. Nc3 Bg7 4. e4 d6 5. f3 O-O 6. Be3 c5 7. d5 e6 8. Qd2 exd5
9. cxd5 a6 10. a4 Re8 11. Be2 Nh5 12. g4 Nf6 13. Bg5 h6 14. Be3 h5 15. g5 Nh7
16. h4 Nd7 17. Nh3 Ne5 18. Nf2 f5 19. gxf6 Qxf6 20. f4 Ng4 21. Nxg4 Bxg4 22.
Bxg4 hxg4 23. O-O-O b5 24. e5 Qf5 25. Ne2 Qe4 26. Ng3 Qxa4 27. Qc2 Qxc2+
1/2-1/2

[Event "CAN-op"]
[Site "Quebec CAN"]
[Date "2018.07.13"]
[Round "8.2"]
[White "Sambuev, Bator"]
[Black "Cherniaev, Alexander"]
[Result "1-0"]
[WhiteElo "2514"]
[BlackElo "2421"]
[PlyCount "147"]
[EventDate "2018.07.07"]
[EventType "swiss"]
[EventRounds "9"]
[EventCountry "CAN"]

1. d4 Nf6 2. Nf3 g6 3. Bg5 Bg7 4. Nbd2 O-O 5. c3 d6 6. e4 c5 7. dxc5 dxc5 8.
Be2 Nc6 9. O-O Qc7 10. Re1 Rd8 11. Qc2 h6 12. Bh4 Nh5 13. Nc4 Be6 14. Ne3 Nf4
15. Bf1 Ne5 16. Nxe5 Bxe5 17. Bg3 c4 18. Rad1 b5 19. Nd5 Bxd5 20. exd5 Bd6 21.
Rd4 Nh5 22. Bxd6 Qxd6 23. g3 Nf6 24. Bg2 Kg7 25. Re3 a6 26. Qe2 Ra7 27. Re5 Rc7
28. h3 Rcd7 29. Kh2 Qc7 30. f4 Kf8 31. Bf3 Rd6 32. h4 Rb6 33. Kg2 Re8 34. a3 h5
35. Rd1 e6 36. Re1 Qd8 37. Qe3 exd5 38. f5 Rxe5 39. Qh6+ Kg8 40. Rxe5 Qf8 41.
Qe3 Qd6 42. fxg6 fxg6 43. Qg5 Kg7 44. Bxd5 Nxd5 45. Rxd5 Qe6 46. Re5 Qc6+ 47.
Kf2 Rb7 48. Re7+ Rxe7 49. Qxe7+ Kh6 50. Qe5 Kh7 51. Qd4 Qe6 52. Kf3 Qf5+ 53.
Ke3 Qe6+ 54. Qe4 Qd6 55. Kf3 Qf6+ 56. Qf4 Qe6 57. Qc7+ Kh6 58. Qc5 Kh7 59. Qa7+
Kg8 60. Qa8+ Kh7 61. Qb7+ Kg8 62. Qe4 Qd6 63. a4 Qd1+ 64. Kf2 Qd2+ 65. Qe2 Qd5
66. Qe8+ Kg7 67. Qe7+ Kg8 68. Qf6 Qd2+ 69. Kf3 Qd3+ 70. Kf4 bxa4 71. Kg5 Qxg3+
72. Kh6 Qe3+ 73. Kxg6 Qd3+ 74. Kxh5 1-0

[Event "CAN-op"]
[Site "Quebec CAN"]
[Date "2018.07.13"]
[Round "8.5"]
[White "Zhao, Ian"]
[Black "Mulyar, Michael"]
[Result "0-1"]
[WhiteElo "1951"]
[BlackElo "2385"]
[PlyCount "82"]
[EventDate "2018.07.07"]
[EventType "swiss"]
[EventRounds "9"]
[EventCountry "CAN"]

1. e4 Nf6 2. e5 Nd5 3. d4 d6 4. c4 Nb6 5. exd6 exd6 6. Be3 Be7 7. Nf3 O-O 8.
Bd3 Nc6 9. Nc3 Bg4 10. h3 Bxf3 11. Qxf3 Nb4 12. Qd1 d5 13. c5 Nxd3+ 14. Qxd3
Nc4 15. O-O b6 16. b4 c6 17. Bf4 Bf6 18. a4 Qd7 19. Rab1 Rfe8 20. Rfd1 Rad8 21.
b5 g6 22. Rb4 Re6 23. cxb6 axb6 24. bxc6 Rxc6 25. Rb5 Qe6 26. Qf3 Nd6 27. Rb3
Nf5 28. Be5 Bxe5 29. dxe5 Qxe5 30. Nxd5 Nh4 31. Qd3 Rcd6 32. Rb5 Nf5 33. Qc4
Kg7 34. Rd3 Ne7 35. Nf4 Qe1+ 36. Kh2 Qxf2 37. Rf3 Qd4 38. Nh5+ Kh6 39. Qxf7 Nd5
40. Nf4 Rf6 41. Ne6 Qe5+ 0-1

[Event "CAN-op"]
[Site "Quebec CAN"]
[Date "2018.07.13"]
[Round "8.8"]
[White "Malakhovets, Sergey"]
[Black "Itkin, David"]
[Result "0-1"]
[WhiteElo "1923"]
[BlackElo "2239"]
[PlyCount "82"]
[EventDate "2018.07.07"]
[EventType "swiss"]
[EventRounds "9"]
[EventCountry "CAN"]

1. d4 Nf6 2. Bf4 g6 3. Nc3 d5 4. e3 Bg7 5. h4 h5 6. Nf3 Bg4 7. Be2 Bxf3 8. Bxf3
c6 9. O-O Nbd7 10. e4 dxe4 11. Nxe4 Nxe4 12. Bxe4 O-O 13. c3 e5 14. dxe5 Qxh4
15. g3 Qe7 16. Qd6 Rfe8 17. Rad1 Nxe5 18. Qxe7 Rxe7 19. Bg5 Ree8 20. Bg2 f6 21.
Bf4 Rad8 22. Bxe5 fxe5 23. Be4 Kf7 24. f3 Bh6 25. Kf2 Bg5 26. Ke2 Rxd1 27. Rxd1
Rd8 28. b4 Rxd1 29. Kxd1 Bd8 30. c4 g5 31. b5 cxb5 32. cxb5 b6 33. Bf5 Kf6 34.
g4 Be7 35. Bd3 h4 36. Bf1 e4 37. fxe4 Ke5 38. Ke2 Kxe4 39. Kf2 Kf4 40. Bh3 Bc5+
41. Kg2 Bd4 0-1

[Event "CAN-op"]
[Site "Quebec CAN"]
[Date "2018.07.13"]
[Round "8.9"]
[White "Doknjas, Joshua"]
[Black "Tomb, Maroun"]
[Result "0-1"]
[WhiteElo "2216"]
[BlackElo "2152"]
[PlyCount "96"]
[EventDate "2018.07.07"]
[EventType "swiss"]
[EventRounds "9"]
[EventCountry "CAN"]

1. e4 d6 2. d4 Nf6 3. Nc3 e5 4. Nf3 Nbd7 5. Rg1 c6 6. g4 exd4 7. Qxd4 Qb6 8. g5
Ne5 9. Qd1 Nfg4 10. Rg2 Be6 11. Nxe5 Nxe5 12. f4 Bh3 13. Rg3 Bxf1 14. fxe5 Bc4
15. b3 Be6 16. exd6 O-O-O 17. Bf4 h6 18. Qd2 hxg5 19. Rxg5 Bxd6 20. Bxd6 Rxd6
21. Qxd6 Qe3+ 22. Ne2 Qxg5 23. Rd1 Qh4+ 24. Qg3 Qxe4 25. Qxg7 Qh1+ 26. Kd2 Rd8+
27. Nd4 Qxh2+ 28. Kc3 Qd6 29. Kb2 Qf8 30. Qe5 Qh8 31. Qc5 a6 32. Kb1 Rd5 33.
Qa7 Qd8 34. Kb2 Qf6 35. Kb1 Bf5 36. Qb6 Qe5 37. Rg1 Bg6 38. Nxc6 bxc6 39. Qxc6+
Kd8 40. Qa8+ Ke7 41. Qb7+ Kf8 42. Qc8+ Ke7 43. Qb7+ Kf6 44. Qxa6+ Kg7 45. Qc4
Rc5 46. Qh4 Qc3 47. Qf2 Rd5 48. Qg2 Rd2 0-1

[Event "CAN-op"]
[Site "Quebec CAN"]
[Date "2018.07.13"]
[Round "8.10"]
[White "Dukic, Zachary"]
[Black "Ouellet, Maili-Jade"]
[Result "1-0"]
[WhiteElo "2118"]
[BlackElo "2197"]
[PlyCount "77"]
[EventDate "2018.07.07"]
[EventType "swiss"]
[EventRounds "9"]
[EventCountry "CAN"]

1. e4 c5 2. Nf3 e6 3. d4 cxd4 4. Nxd4 a6 5. Bd3 Bc5 6. Nb3 Be7 7. Qg4 g6 8. Qe2
d6 9. O-O Nd7 10. Nc3 Qc7 11. Bd2 b6 12. Rae1 Bb7 13. f4 h5 14. h3 Bh4 15. Rd1
Ne7 16. Nd4 Bf6 17. Nf3 Nc6 18. Be3 Rg8 19. h4 Nb4 20. Ng5 Bxc3 21. bxc3 Nxa2
22. Ra1 Nxc3 23. Qd2 Nf6 24. e5 Nfd5 25. Bd4 b5 26. Kh1 b4 27. Rae1 Rd8 28. f5
gxf5 29. Rxf5 Rd7 30. Qf2 Nd1 31. Qe2 N5c3 32. Qxh5 dxe5 33. Bxe5 Qc6 34. Rf3
Re7 35. Bf6 Rd7 36. Nxe6 Nf2+ 37. Rxf2 Rxg2 38. Nc7+ Kf8 39. Re8# 1-0

[Event "CAN-op"]
[Site "Quebec CAN"]
[Date "2018.07.13"]
[Round "8.11"]
[White "Callier, Christophe"]
[Black "Doknjas, Neil"]
[Result "1-0"]
[WhiteElo "1970"]
[BlackElo "1883"]
[PlyCount "99"]
[EventDate "2018.07.07"]
[EventType "swiss"]
[EventRounds "9"]
[EventCountry "CAN"]

1. e4 c5 2. Nf3 d6 3. d4 cxd4 4. Nxd4 Nf6 5. Nc3 a6 6. Bc4 e6 7. Bb3 b5 8. Bg5
Be7 9. Qf3 Qc7 10. O-O-O Nbd7 11. e5 Bb7 12. Qg3 Nxe5 13. Bxe6 fxe6 14. f4 Bc8
15. fxe5 dxe5 16. Bxf6 Bxf6 17. Ne4 O-O 18. Rhf1 Kh8 19. Kb1 Ra7 20. Nf3 Bb7
21. Nxf6 gxf6 22. Nxe5 Rc8 23. Qf2 Qxe5 24. Qxa7 Bd5 25. Rde1 Be4 26. Rc1 f5
27. g3 Rxc2 28. Rxc2 Bxc2+ 29. Ka1 Qe2 30. Rc1 Qxh2 31. Qb8+ Kg7 32. Qc7+ Kf6
33. Rxc2 Qh1+ 34. Rc1 Qe4 35. Qxh7 Qe3 36. Qh8+ Kg6 37. Rh1 Qg5 38. Qh7+ Kf6
39. Rh6+ Ke5 40. Qc7+ Kd5 41. Qd7+ Kc5 42. b4+ Kxb4 43. Qd6+ Kc3 44. Qc5+ Kd3
45. Qa3+ Ke4 46. Rxe6+ Kd5 47. Rd6+ Ke5 48. Qc5+ Ke4 49. Qd5+ Ke3 50. Qd2+ 1-0